Your profession at 150 (Record no. 116182)

MARC details
000 -LEADER
fixed length control field 00583cam a2200193 4500
001 - CONTROL NUMBER
control field L160052
008 - FIXED-LENGTH DATA ELEMENTS--GENERAL INFORMATION
fixed length control field 040913n2017 000 0 eng u
035 ## - SYSTEM CONTROL NUMBER
System control number (Sirsi) u160052
041 ## - LANGUAGE CODE
Language code of text/sound track or separate title eng
110 2# - MAIN ENTRY--CORPORATE NAME
Corporate name or jurisdiction name as entry element Royal Institution of Chartered Surveyors
9 (RLIN) 4900
245 00 - TITLE STATEMENT
Title Your profession at 150
Medium [electronic resource]
260 ## - PUBLICATION, DISTRIBUTION, ETC.
Place of publication, distribution, etc. London
Name of publisher, distributor, etc. RICS
Date of publication, distribution, etc. 2017
300 ## - PHYSICAL DESCRIPTION
Extent 14p.
520 ## - SUMMARY, ETC.
Summary, etc. Marks the 150th anniversary of RICS, recounting past successes and offering insight into the future.
650 24 - SUBJECT ADDED ENTRY--TOPICAL TERM
Topical term or geographic name entry element ABOUT RICS
650 24 - SUBJECT ADDED ENTRY--TOPICAL TERM
Topical term or geographic name entry element ANNIVERSARY
651 #4 - SUBJECT ADDED ENTRY--GEOGRAPHIC NAME
Geographic name International
942 ## - ADDED ENTRY ELEMENTS (KOHA)
Suppress in OPAC 0
Holdings
Withdrawn status Lost status Source of classification or shelving scheme Damaged status Not for loan Home library Current library Shelving location Date acquired Total Checkouts Full call number Barcode Date last seen Copy number Price effective from Koha item type
    Dewey Decimal Classification     Archives Archives RICS Boxes 04/05/2018   RICS 2017/17 30078610 06/08/2019 1 06/08/2019 Archive
    Dewey Decimal Classification     London London RICS Boxes 04/05/2018   RICS 2017/17 30078608 06/08/2019 1 06/08/2019 Book
    Dewey Decimal Classification     London London RICS Boxes 04/05/2018   RICS 2017/17 30078609 06/08/2019 2 06/08/2019 Book